|
|
|
|
| LEADER |
00000nab a2200000 a 4500 |
| 001 |
vtls009297896 |
| 003 |
SK-MaSNL |
| 005 |
20260304163235.0 |
| 008 |
250507c2006 xo |||||||||||000 b|slo |
| 015 |
|
|
|a SNBRA2008/05
|2 snkbucl
|
| 035 |
|
|
|a (uuid)d606dfa0-3a5c-481c-8d69-55bef386f7e8
|
| 035 |
|
|
|a urn:nbn:sk:snk-abab5i
|
| 035 |
|
|
|a (urnnbn)urn:nbn:sk:snk:ar-a09o2c
|
| 038 |
|
|
|a SNKBUCL
|
| 040 |
|
|
|a SNKBUCL
|b slo
|c SNKBUCL
|e AACR2
|
| 041 |
0 |
|
|a slo
|b ger
|
| 044 |
|
|
|a xo
|c SK
|
| 080 |
|
|
|a 630*1
|x (437.6)
|2 1997
|
| 080 |
|
|
|a 502.4
|x (437.6)
|2 1997
|
| 245 |
0 |
0 |
|a Dynamika vlhkosti nekromasy v PR Pod Dudášom
|c Mária Slížiková ... [et al.]
|
| 300 |
|
|
|b Obr., tab.
|
| 504 |
|
|
|a Bibliogr. odkazy
|
| 546 |
|
|
|a Res. nem.
|
| 650 |
0 |
7 |
|a lesné stromy
|2 snkbucl
|9 70470
|
| 650 |
0 |
7 |
|a nekromasa
|2 snkbucl
|9 1477528
|
| 650 |
0 |
7 |
|a rozklad dreva
|2 snkbucl
|9 1477836
|
| 650 |
0 |
7 |
|a vlhkosť
|2 snkbucl
|9 13483
|
| 650 |
0 |
7 |
|a lesné ekosystémy
|2 snkbucl
|9 1436
|
| 651 |
|
7 |
|a Prírodná rezervácia Pod Dudášom (Slovensko)
|2 snkbucl
|9 1489968
|
| 700 |
1 |
|
|a Slížiková, Mária
|4 aut
|9 838151
|
| 700 |
1 |
|
|a Pichler, Viliam,
|d 1968-
|4 aut
|9 192313
|
| 700 |
1 |
|
|a Gregor, Juraj,
|d 1953-
|4 aut
|9 191305
|
| 700 |
1 |
|
|a Jaloviarová, Veronika
|4 aut
|9 353100
|
| 700 |
1 |
|
|a Capuliak, Jozef
|4 aut
|9 429558
|
| 700 |
1 |
|
|a Homolák, Marián
|4 aut
|9 810146
|
| 773 |
0 |
|
|t Acta Facultatis Forestalis Zvolen. Slovakia. XLVIII - 2006
|d Zvolen : Technická univerzita, 2006
|g S. 73-84
|x 0231-5785
|z 8022817066
|
| 850 |
|
|
|a Slovenská národná knižnica
|
| 852 |
|
|
|a Slovenská národná knižnica
|
| 954 |
|
|
|a odborná, vedecká literatúra pôvodná (slovenská)
|2 lita
|
| 958 |
|
|
|a article13
|
| 958 |
|
|
|a OND
|
| 958 |
|
|
|a NB
|
| 958 |
|
|
|a SK
|
| 958 |
|
|
|a EUIPO
|
| 999 |
|
|
|c 2977221
|d 2979151
|